000 00449nam a2200169Ia 4500
008 131103s9999 xx 000 0 und d
040 _aLoreto College
041 _aEnglish
082 _a282/NEW
_bLCLIB/23446
245 _aNew catholic encyclopedia
260 _aNew york
_bMcgraw-hill book co.
_c1967
300 _aV.14
_c 25cm.
650 _aEncyclopedia
651 _aEncyclopedia - roman catholic
850 _aLCLIB/282/NEW
942 _cBK
999 _c23835
_d74314